Magnetism of Finite Magnetic Chains of Fe(III)

Bibliographic Details
Main Authors: Dlháň, Ľubor (Author), Vranovičová, Beáta, 1961- (Author), Boča, Roman, 1950- (Author), Kokozay, Vladimir (Author)
Format: Article
Language:English
ISBN:9788097089658

MARC

LEADER 00000naa a2200000uu 4500
001 vtls011034952
003 SK-MaSNL
005 20260302124932.0
008 210910|2013 xo |||||||||||||||||eng|
015 |a SNBRA 
035 |a (urnnbn)urn:nbn:sk:snk:ar-008ta8 
035 |a (uuid)16df1397-2c6e-415a-ba30-ec2b9497f8e0 
035 |a urn:nbn:sk:snk-aaup2m 
040 |a SNKBUCL  |b slo  |c SNKBUCL  |e AACR2 
041 0 |a eng 
044 |a xo  |c SK 
100 1 |a Dlháň, Ľubor  |4 aut  |9 12598 
245 1 0 |a Magnetism of Finite Magnetic Chains of Fe(III)  |c Ľubor Dlháň, Beáta Vranovičová, Roman Boča, Vladimir Kokozay 
700 1 |a Vranovičová, Beáta,  |d 1961-  |4 aut  |9 200027 
700 1 |a Boča, Roman,  |d 1950-  |4 aut  |9 118818 
700 1 |a Kokozay, Vladimir  |4 aut  |9 811463 
773 0 |t Development of Materials Science in Research and Education  |d Bratislava : [Slovenská technická univerzita], 2013  |g S. 17  |z 9788097089658 
958 |a OND 
958 |a article12 
958 |a chapter 
999 |c 1290909  |d 1292839